000 00281nam a22001337a 4500
008 170303b xxu||||| |||| 00| 0 eng d
020 _a9780763715113
041 _aeng
080 _26 ED
_a575
100 _a6
101 _aSHM
245 _aGENETICS
_cHARTL.D.L
942 _2udc
_cBK
999 _c6756
_d6756